[Event "GER-ch U14"]
[Site "Willingen"]
[Date "2024.05.22"]
[Round "5"]
[White "Uyar, Levin"]
[Black "Stichter, Constantin Paul"]
[Result "1/2-1/2"]
[WhiteElo "1866"]
[BlackElo "2022"]
[PlyCount "40"]
[EventDate "2024.05.19"]
[EventType "swiss"]
[EventRounds "9"]
[EventCountry "GER"]
[SourceTitle "CB27_2024"]
[SourceDate "2024.07.03"]
[SourceVersion "1"]
[SourceVersionDate "2024.07.03"]
[SourceQuality "1"]

1. e4 c5 2. Nf3 e6 3. c3 Nc6 4. d4 cxd4 5. cxd4 d5 6. e5 Bd7 7. Nc3 a6 8. Bd3 Qb6 9. Na4 Qa5+ 10. Nc3 b5 11. 0-0 b4 12. Ne2 Na7 13. Be3 Bb5 14. Ne1 Ne7 15. Ng3 Nac6 16. Qe2 Rb8 17. f4 g6 18. Rf2 Kd7 19. a4 Bxd3 20. Nxd3 Nf5 1/2-1/2

[Event "GER-ch U14"]
[Site "Willingen"]
[Date "2024.05.21"]
[Round "4"]
[White "Geist, Tim"]
[Black "Uyar, Levin"]
[Result "1-0"]
[WhiteElo "2005"]
[BlackElo "1866"]
[PlyCount "85"]
[EventDate "2024.05.19"]
[EventType "swiss"]
[EventRounds "9"]
[EventCountry "GER"]
[SourceTitle "CB27_2024"]
[SourceDate "2024.07.03"]
[SourceVersion "1"]
[SourceVersionDate "2024.07.03"]
[SourceQuality "1"]

1. e4 e5 2. Nf3 Nc6 3. d4 exd4 4. Bc4 Nf6 5. 0-0 Nxe4 6. Re1 d5 7. Bxd5 Qxd5 8. Nc3 Qd7 9. Nxe4 Be7 10. Bg5 0-0 11. Bxe7 Qxe7 12. Nxd4 Bd7 13. Nb3 Rae8 14. Re3 Qd8 15. Nbc5 Bf5 16. Qxd8 Nxd8 17. Rae1 Bxe4 18. Rxe4 Rxe4 19. Rxe4 Ne6 20. Nxe6 fxe6 21. Rxe6 Rd8 22. Kf1 Kf7 23. Re3 Rd6 24. Ke2 c6 25. c4 b6 26. h3 g5 27. Ra3 a5 28. c5 Re6+ 29. Kf3 bxc5 30. Rxa5 Rd6 31. Rxc5 Rd2 32. Rxc6 Rxb2 33. Ra6 h5 34. Ke3 h4 35. a4 Rb3+ 36. Ke4 Rb2 37. Kf3 Rb4 38. g3 Rb3+ 39. Kg4 hxg3 40. fxg3 Rc3 41. Ra5 Kf6 42. Rf5+ Ke6 43. a5 1-0

[Event "GER-chT U12"]
[Site "Muenchen"]
[Date "2022.12.29"]
[Round "6"]
[White "Uyar, Levin"]
[Black "Ramming, Moritz"]
[Result "1/2-1/2"]
[WhiteElo "1573"]
[BlackElo "1634"]
[PlyCount "95"]
[EventDate "2022.12.26"]
[EventType "team-swiss"]
[EventRounds "7"]
[EventCountry "GER"]
[SourceTitle "CBM 212 Extra"]
[Source "ChessBase"]
[SourceDate "2023.03.31"]
[SourceVersion "1"]
[SourceVersionDate "2023.03.31"]
[SourceQuality "1"]
[WhiteTeam "Untergrombach"]
[BlackTeam "Kelheim"]
[WhiteTeamCountry "GER"]
[BlackTeamCountry "GER"]

1. e4 e6 2. d4 d5 3. Nd2 Nf6 4. e5 Nfd7 5. Bd3 c5 6. c3 Nc6 7. Ne2 cxd4 8. cxd4 f6 9. exf6 Nxf6 10. Nf3 Bd6 11. 0-0 Qc7 12. Bg5 0-0 13. Qc2 Nb4 14. Qxc7 Bxc7 15. Bb1 Bd7 16. Nc3 a6 17. a3 Nc6 18. Ba2 Rac8 19. Rfd1 Be8 20. Re1 Bh5 21. Rxe6 Bxf3 22. Bxf6 gxf6 23. gxf3 Nxd4 24. Bxd5 Nxe6 25. Bxe6+ Kg7 26. Bxc8 Rxc8 27. Rd1 Rd8 28. Rxd8 Bxd8 29. Kg2 Bc7 30. Ne4 b6 31. Nc3 Be5 32. a4 Bxc3 33. bxc3 a5 34. c4 f5 35. Kg3 Kf6 36. Kf4 h6 37. h3 Ke6 38. h4 Kf6 39. Ke3 Ke6 40. f4 h5 41. f3 Kd7 42. Kd4 Kd6 43. Kd3 Kc6 44. Kd4 Kd6 45. Kd3 Kc6 46. Kd4 Kd6 47. Kd3 Kc6 48. Kd4 1/2-1/2

[Event "GER-ch U12"]
[Site "Willingen"]
[Date "2022.06.07"]
[Round "4"]
[White "Uyar, Levin"]
[Black "Goldkuhle, Collin"]
[Result "1-0"]
[WhiteElo "1306"]
[BlackElo "1323"]
[PlyCount "100"]
[EventDate "2022.06.04"]
[EventType "swiss"]
[EventRounds "9"]
[EventCountry "GER"]
[SourceTitle "CBM 208 Extra"]
[Source "ChessBase"]
[SourceDate "2022.07.31"]
[SourceVersion "1"]
[SourceVersionDate "2022.07.31"]
[SourceQuality "1"]

1. e4 c5 2. Nf3 Nc6 3. d4 cxd4 4. Nxd4 g6 5. c4 Nf6 6. Nc3 Bg7 7. Be3 0-0 8. Be2 d6 9. 0-0 Bd7 10. h3 Qc8 11. Rc1 Ne5 12. Nd5 Qd8 13. f4 Nc6 14. Bf3 Rc8 15. b3 Ne8 16. Nb5 b6 17. Qd2 Be6 18. Qf2 Qd7 19. Rfd1 f6 20. Be2 Na5 21. b4 Nc6 22. a3 Qb7 23. Rb1 Bxd5 24. exd5 Nb8 25. Nd4 Nc7 26. Bf3 Qa6 27. Qa2 Rfe8 28. Re1 f5 29. Kh1 Nd7 30. b5 Qb7 31. Nc6 Bf6 32. Re2 Nc5 33. Qd2 Kf7 34. Rbe1 Na4 35. Bd4 Bh4 36. Bf2 Bf6 37. Bd4 Bh4 38. Rg1 Nc5 39. Qc2 e6 40. dxe6+ Kf8 41. e7+ Kg8 42. g3 N7e6 43. Bxc5 Bxe7 44. Rxe6 Qd7 45. Nxe7+ Rxe7 46. Rxe7 Qxe7 47. Bd5+ Kf8 48. Qc3 Qc7 49. Qf6+ Ke8 50. Re1+ Kd7 1-0

[Event "GER-ch U10"]
[Site "Willingen"]
[Date "2020.10.30"]
[Round "5"]
[White "Peglau, Paul David"]
[Black "Uyar, Levin"]
[Result "1-0"]
[WhiteElo "1322"]
[BlackElo "1471"]
[PlyCount "151"]
[EventDate "2020.10.26"]
[EventType "swiss"]
[EventRounds "7"]
[EventCountry "GER"]
[SourceTitle "CBM 199 Extra"]
[Source "ChessBase"]
[SourceDate "2021.01.31"]
[SourceVersion "1"]
[SourceVersionDate "2021.01.31"]
[SourceQuality "1"]

1. d4 Nf6 2. c4 e6 3. Nc3 Bb4 4. e3 d5 5. Bd3 0-0 6. Nge2 b6 7. 0-0 Bb7 8. Bd2 Nbd7 9. a3 Bd6 10. Qc2 Re8 11. Rac1 Rc8 12. Nb5 a6 13. Nxd6 cxd6 14. Qb3 e5 15. Bb4 e4 16. Bb1 dxc4 17. Rxc4 Qe7 18. Nf4 a5 19. Bc3 Ra8 20. Rc7 Reb8 21. Qxb6 Ba6 22. Qc6 Bxf1 23. Kxf1 Qd8 24. Ba2 Rb6 25. Qc4 d5 26. Nxd5 Nxd5 27. Qxd5 Qxc7 28. Qxa8+ Rb8 29. Qxe4 Nf6 30. Qe5 Qxe5 31. dxe5 Ne8 32. Ke2 Nc7 33. f4 Ne6 34. g4 Nc5 35. h4 Na4 36. Kf3 Nxb2 37. Bxa5 Ra8 38. Bb4 Nd3 39. Bd6 Rc8 40. Bb3 Nc5 41. Bd5 g6 42. f5 Nd3 43. e6 gxf5 44. exf7+ Kg7 45. f8Q+ Rxf8 46. Bxf8+ Kxf8 47. gxf5 Kg7 48. a4 Kf6 49. e4 Ke5 50. a5 Nc5 51. h5 h6 52. Ke3 Kf6 53. Kd4 Na6 54. Bb7 Nc7 55. a6 Kg5 56. Bc6 Nxa6 57. Be8 Nc7 58. Bg6 Kf6 59. e5+ Kg5 60. Kc5 Kh4 61. Kd6 Nb5+ 62. Kd7 Nd4 63. e6 Nxf5 64. Bxf5 Kxh5 65. e7 Kg5 66. e8Q Kxf5 67. Qh5+ Ke4 68. Qxh6 Ke5 69. Qd6+ Kf5 70. Qe6+ Kf4 71. Kd6 Kg5 72. Qf7 Kg4 73. Ke5 Kg5 74. Qg7+ Kh4 75. Kf4 Kh5 76. Qg5# 1-0

[Event "GER-ch U10"]
[Site "Willingen"]
[Date "2020.10.29"]
[Round "4"]
[White "Uyar, Levin"]
[Black "Laux, Filip"]
[Result "0-1"]
[WhiteElo "1471"]
[BlackElo "1198"]
[PlyCount "116"]
[EventDate "2020.10.26"]
[EventType "swiss"]
[EventRounds "7"]
[EventCountry "GER"]
[SourceTitle "CBM 199 Extra"]
[Source "ChessBase"]
[SourceDate "2021.01.31"]
[SourceVersion "1"]
[SourceVersionDate "2021.01.31"]
[SourceQuality "1"]

1. e4 c6 2. d4 d5 3. Nc3 dxe4 4. Nxe4 Bf5 5. Ng3 Bg6 6. Nf3 Nd7 7. h4 h6 8. Bd3 Bxd3 9. Qxd3 e6 10. Bd2 Ngf6 11. 0-0-0 Be7 12. Rdg1 Qb6 13. Kb1 c5 14. Bc3 Rc8 15. Re1 Nd5 16. dxc5 Nxc5 17. Qc4 0-0 18. Qd4 Bf6 19. Ne5 Na4 20. Qxb6 Naxc3+ 21. bxc3 Nxb6 22. Nh5 Bxe5 23. Rxe5 Nd5 24. g4 g6 25. Ng3 Rxc3 26. Rf1 Rf3 27. Kb2 Rc8 28. Re2 Rc4 29. Ne4 Rf4 30. f3 Nf6 31. Nxf6+ Rxf6 32. Rg2 Rff4 33. a3 Rc5 34. Rgf2 Kf8 35. Rh2 Ke7 36. Rh3 Kd6 37. Kb3 Rd5 38. Kc3 Kc5 39. Re1 a5 40. Re4 Rxe4 41. fxe4 Rd7 42. Rf3 b6 43. Rd3 Rxd3+ 44. Kxd3 f5 45. exf5 exf5 46. h5 gxh5 47. gxf5 Kd5 48. c4+ Ke5 49. Kc3 h4 50. f6 Kxf6 51. Kd4 h3 52. Kd5 h2 53. Kc6 h1Q+ 54. Kxb6 Qa1 55. c5 Qxa3 56. c6 Qc3 57. c7 Qxc7+ 58. Kxc7 a4 0-1